00327nam a2200121Ia 4500008004100000041000800041082001600049100001800065245004500083260003500128300003300163365000900196240624s9999 xx 000 0 und d aeng a658.402 HAN aHANNA DAVID P aDESIGNING ORGANIZATIONS FOR HIGH PERFORM c1988aNew YorkbAddison Wesley axviii, : 198 : p. : cm. ; 25 cb28